000 00671nam a2200253 i 4500
001 C2-0119376
003 PPAK
005 20180727111907.0
008 970805s1982 nyu |||| ||||| | eng d
020 _a0442277644
040 _aPPAK
_beng
_cPPAK
_erda
082 0 4 _a616.8582
_223
090 0 0 _a616.8582
_bSAU
_dG
100 1 _aSaul, Leon J.,
_eauthor
245 1 4 _aThe Psychotic Personality
264 1 _aNew York :
_bVan Nostrand Reinhold Company ,
_c1982
300 _axiv, 306 pages ;
_c24 cm
336 _2rdacontent
_atext
337 _2rdamedia
_aunmediated
338 _2rdacarrier
_avolume
650 1 0 _aPssychoses
700 _eauthor
942 _ddc
_cB
999 _c33017
_d33017